[Event "Yerevan"]
[Site "Yerevan"]
[Date "1996.??.??"]
[Round "4"]
[White "Minasian, Artashes"]
[Black "Nikolic, Predrag"]
[Result "0-1"]
[WhiteElo "2580"]
[BlackElo "2645"]
[Annotator "Ribli,Z"]
[PlyCount "140"]
[EventDate "1996.04.??"]
[EventType "tourn"]
[EventRounds "11"]
[EventCountry "ARM"]
[EventCategory "15"]
[SourceTitle "CBM 053"]
[Source "ChessBase"]
[SourceDate "1996.08.01"]
[SourceVersion "1"]
[SourceVersionDate "1996.08.01"]
[SourceQuality "1"]

1. c4 {Hecht} e5 2. Nc3 Nc6 3. Nf3 Nf6 4. g3 Nd4 $5 {Nikolic waehlt eine
seltene und solide Fortsetzung, die nur einen kleinen Vorteil gibt, aber
genaues Spiel voraussetzt.} 5. Bg2 Nxf3+ 6. Bxf3 Bb4 7. Qb3 Bc5 8. O-O O-O 9.
d3 (9. Na4 Be7 10. Rd1 c6 $1 11. d4 $5 e4 12. Bg2 d5 13. cxd5 cxd5 14. Bf4 b6
15. Nc3 Be6 16. Rac1 Qd7 17. Nb5 Rac8 18. Nc7 h6 19. f3 Bd6 $13 {Serper,
G-Aseev,K/St Petersburg op2/1994/EXP43/}) 9... h6 {In dieser Variante
-A29-taucht immer die Frage auf: Darf Schwarz Bg5 zulassen oder nicht?
Meistens - wie jetzt- verhindert der Nachziehende diese Moeglichkeit.} 10. Na4
$146 (10. Bd2 $5 Re8 11. Rac1 Rb8 12. Qa4 a6 13. b4 Bf8 14. b5 $36 {Hansen,
Cu-Christiansen,L/Munich/1992/CBM30/}) 10... Be7 11. Be3 c6 $1 {Schwarz spielt
nach der alten Regel: Wenn mein Gegner am Fluegel spielt, dann soll ich am
Zentrum meine Gegenchancen suchen.} 12. c5 d5 13. cxd6 Bxd6 14. Rfc1 Qe7 15.
Bc5 Rd8 $1 {/\ Be6, Bd5} 16. Bxd6 Qxd6 17. Nc5 Qe7 18. Rc2 $6 {Nach einigen
Zuegen werden wir sehen, dass dieser Turm hier sehr ungluecklich steht.} (18.
Qa4 $5) 18... Nd5 $1 {Dieser starke Zug hat die folgende Idee: Schwarz will
den Druck des f3-Laeufers auf die f3-b7 Diagonale entschaerfen und denn kann
er seine Entwicklung am Damenfluegel in aller Ruhe beenden.} 19. Qa4 {Minasian
will b6 verhindern.} b6 $1 {[#] Dieser Zug ist nur darum moeglich, weil der
weisse Turm auf c2 steht.} 20. Ne4 (20. Qxc6 $2 Nb4 $1 21. Qxa8 (21. Qa4 bxc5
22. Bxa8 Bd7 $19) 21... Nxc2 22. Rc1 Qxc5 $19) 20... Bb7 21. a3 c5 22. Rac1 a5
{Der Nachziehende will b4 nie zulassen. Die schwarze Stellung ist etwas
bequemer: 1. Seine Bauern haben eine typische Maroczy -e5 und c5 - Position. 2.
Seine Figuren - besonders der d5 Springer- stehen aktiv. 3. Der einzige
schwache Punkt in seiner Stellung ist der b6-Bauer, der jedoch nicht
verletzbar ist.} 23. Nd2 Qe6 24. Qh4 Rab8 $5 {[#] Schwarz kann jetzt in aller
Ruhe seine Stellung verstaerken, ohne dass der Anziehende ueber ein Gegenspiel
verfuegt. Mit diesem Zug deckt er einfach den b7-Laeufer.} 25. Nc4 Bc6 26. Qh5
Re8 27. Bg4 Qf6 28. Bf3 Rbd8 29. Qh3 Ba4 $1 30. Rd2 Bb3 31. Qg2 Qe6 {/\ Nf6,
Bxc4 oder e4.} 32. Bxd5 {Dieser Tausch ist ein wie eine unangenehme Sache fuer
Weiss. Allerdings faellt es nicht leicht -wegen der starken schwarzen
Drohungen-, dem Nachziehenden einen guten Rat zu geben.} Rxd5 33. Rc3 a4 34.
Ne3 Rd7 35. Nf1 Red8 {/\ e4} 36. f3 f5 37. e4 f4 $1 {[#] Weiss geraet nun in
eine sehr passive Lage.} 38. Qf2 Rd4 39. gxf4 exf4 40. Qh4 Qe5 41. h3 R8d6 42.
Nh2 h5 $1 {Natuerlich verhindert Schwarz den Zug Ng4.} 43. Nf1 Rg6+ $1 {
[#] Schwarz kontrolliert das Zentrum, und seine Figuren sind gut postiert. Ein
Spiel am Koenigsfluegel ist die logische Konsequenz.} 44. Kh2 Rdd6 45. Qf2 h4
$1 {Weiss ist fast im Zugzwang. Es droht /\ Tg3, Tdg6, Te6} 46. d4 (46. Qxh4
Rh6 47. Qf2 Rdg6 $19) 46... cxd4 47. Rcd3 (47. Rc8+ Kh7 48. Qxh4+ Rh6 49. Qg4
Be6 $19) 47... Bc4 $1 48. Rxd4 Rxd4 49. Rxd4 Bxf1 50. Rd8+ Kh7 51. Rd5 (51.
Qxf1 Qxb2+ 52. Kh1 Rc6 $19 (52... Qxa3 $19)) 51... Qf6 52. Rh5+ (52. Qxf1 Qxb2+
53. Kh1 Rc6 $19) 52... Kg8 53. Rf5 {[#] [#]} (53. Qxf1 Qxb2+ 54. Kh1 Rc6 $19)
53... Qxf5 $1 {Diese kleine, aber huebsche Kombination entscheidet die
positionell gut angelegte Partie.} 54. exf5 Rg2+ 55. Qxg2 Bxg2 56. Kxg2 {
Hecht: [#] B-B rückständiger schwarzer g-Mehrbauer, Tempospiel,
Durchbruchsideen} Kf7 57. Kf2 Kf6 58. Ke2 Kxf5 59. Kd3 Ke5 60. Kc4 b5+ $1 {
[#] Die letzte Feinheit.} 61. Kc3 (61. Kxb5 Kd4 (61... g5 $6 {Hecht} 62. Kc4 g4
63. fxg4 Ke4 64. Kc3 Ke3 65. g5 f3 66. g6 f2 67. g7 f1=Q 68. g8=Q Qxh3 $17) 62.
Kxa4 g5 63. b4 g4 64. b5 (64. fxg4 f3 65. g5 f2 66. g6 f1=Q 67. g7 Qf7 $19)
64... Kc5 $1 65. Ka5 gxf3 66. b6 Kc6 $1 67. Ka6 f2 68. b7 f1=Q+ $19) 61... Kd5
62. Kd3 Kc5 63. Kc3 (63. Ke4 Kc4 64. Kxf4 Kb3 65. Kg5 Kxb2 66. Kg6 b4 $19)
63... b4+ $1 64. Kd3 (64. axb4+ Kb5 65. Kd3 Kxb4 66. Kc2 Kc4 67. Kd2 Kb3 68.
Kc1 g5 69. Kb1 g4 $19) 64... g5 65. axb4+ Kxb4 66. Kc2 Kc4 67. Kd2 Kb3 68. Kc1
g4 $1 69. fxg4 f3 70. Kd2 f2 (70... f2 71. Ke2 Kxb2 72. g5 a3 73. g6 a2 74. g7
a1=Q 75. g8=Q f1=Q+ $19) 0-1

[Event "Ciocaltea Memorial"]
[Site "Bucharest"]
[Date "2001.03.09"]
[Round "6"]
[White "Marin, Mihail"]
[Black "Solak, Dragan"]
[Result "1/2-1/2"]
[WhiteElo "2604"]
[BlackElo "2511"]
[Annotator "Ribli,Z"]
[PlyCount "81"]
[EventDate "2001.03.04"]
[EventType "tourn"]
[EventRounds "11"]
[EventCountry "ROU"]
[EventCategory "12"]
[SourceTitle "CBM 082"]
[Source "ChessBase"]
[SourceDate "2001.05.17"]
[SourceVersion "1"]
[SourceVersionDate "2001.05.17"]
[SourceQuality "1"]

1. c4 e5 2. Nc3 Nf6 3. Nf3 Nc6 4. g3 {Hier kann man auch zu 4.d4, 4.e3 oder 4.
a3 greifen, aber der Textzug stellt in der Tat die Hauptfortsetzung dar.} d5 (
4... Bb4) (4... Nd4) 5. cxd5 Nxd5 6. Bg2 Nb6 7. O-O Be7 8. d3 {GM Marin wählt
gerne diese klassische Spielweise, aber in letzter Zeit genießt auch 8.Rb1
viel Popularität.} O-O 9. a3 Be6 10. b4 a5 11. b5 Nd4 12. Bb2 (12. Nd2 $5) (12.
Rb1) (12. Be3) (12. Nxe5 $2 Bf6 13. f4 Nb3 14. Bb2 (14. Rb1 $2 Qd4+ $19 {
[%cal Rd4c3,Rd4g1]}) 14... Nxa1 $17) 12... Bb3 13. Qc1 Be6 {Dieser Zug
bedeutet, dass Schwarz mit Remis durch Zugwiederholung zufrieden wäre. Das
kommt nicht überraschend, denn er hat eine niedrigere ELO-Zahl und führt zudem
die schwarzen Steine.} (13... Re8 $6 14. Nxd4 exd4 15. Bxb7 Rb8 16. Bf3 (16.
Bc6 $1 dxc3 17. Qxc3 Bf6 18. Qxb3 Rxe2 19. Bxf6 Qxf6 20. Ra2 $16) 16... Bg5 17.
Qe1 Bh6 (17... f5 18. Nb1 Na4 19. Qxa5 Nxb2 20. Qb4 Ba4 21. Qxb2 Rxb5 22. Qa2+
Bb3 {1/2-1/2 Guseinov,S-Godjaev,G/Baku 1998/EXT 2000 (22)}) 18. Ne4 Na4 19.
Qxa5 Re5 20. Bc1 f5 21. Nd2 Rbxb5 22. Qa8 Qxa8 23. Bxa8 Bxd2 24. Bxd2 Rxe2 25.
Bf4 c5 26. Bf3 Re6 27. Rfb1 {1/2-1/2 Marin,M-Palac,M/Batumi 1999/CBM 74 (27)})
(13... Bd5 14. Nxd4 Bxg2 15. Ne6 fxe6 16. Kxg2 a4 17. Ne4 $14 {1/2-1/2 Adorjan,
A-Luecke,N/Altensteig 1989/CBM 14 (34)}) (13... Nc2 $6 14. Rb1 f6 15. Nd2 $16)
14. Rb1 (14. Nxd4 exd4 15. Ne4 Bd5 16. Qc2 c5 17. bxc6 Bxc6 18. Rfc1 Na4 19.
Rab1 Rc8 20. Qb3 Nxb2 21. Qxb2 Bxe4 22. Bxe4 Rxc1+ 23. Rxc1 b6 24. Rc6 Bc5 25.
a4 g6 {1/2-1/2 Lobron,E-Romanishin,O/Groningen 1993/CBM 39 (61)}) (14. Qd1 $11)
14... f6 (14... Nxf3+ 15. Bxf3 Rb8 16. Ne4 $14) 15. Nxd4 exd4 16. Ne4 {[%cal
Ge4c5]} Na4 {Schwarz verteidigt sich gegen 17.Nc5. Zudem möchte er den
schwarzfeldrigen Läufer von Weiß abtauschen.} (16... Bd5 $5) 17. Ba1 (17. Qc2
$5) 17... Ba2 {Mit diesem Zug gewinnt Schwarz zwar die Qualität, dafür aber
bekommt Weiß dauerhafte Initiative.} (17... b6 $142 18. Qc2 Nc5 19. Nxc5 Bxc5
20. Bxa8 Qxa8 $44 {Marin}) (17... f5 18. Qc2 Bxa3 (18... fxe4 19. Qxa4 $14) 19.
Qxa4 Bb4 20. Rfd1 fxe4 21. dxe4 $14) 18. Qc2 Bxb1 19. Rxb1 Nb6 20. Nc5 {
Weiß hat nur einen Bauern für die Qualität, aber seine Stellung ist sehr aktiv
- jetzt droht 21.Ne6 und 21.Nxb7.} Bxc5 (20... Rf7 21. Nxb7 $14) 21. Qxc5 Rb8 (
21... Qc8 22. Bxd4 $14 {[%csl Gd4,Gg2]}) 22. Bxd4 $44 Nc8 $146 {Das ist die
von Schwarz vorbereitete Neuerung, mit der er die Stellung seines Springers
verbessert. Weiß hat jedoch mindestens ausreichende Kompensation für das
Material.} (22... Qd7 $6 23. Bc3 a4 24. Ba5 Rfe8 25. Bf3 Re5 26. Qb4 Qe6 27.
Bxb6 Qxb6 28. d4 Ree8 29. Qxa4 $16 {1-0 Marin,M-Stefansson,H/Istanbul 2000/EXT
2001/[Marin,M] (58)}) (22... Rf7 $5) (22... Re8 23. Bf3 $14 (23. e3 $14)) 23.
Rc1 Ne7 24. Be3 $1 $14 {[%mdl 2048] Jetzt droht Weiß schon, auf c7 zu nehmen.}
(24. Qxc7 $4 Rc8 $19 (24... Qxd4 25. Qxe7 $14)) 24... Kh8 $2 {[%mdl 8192]
Schwarz geht möglichen Schachs auf der Diagonale a2-g8 aus dem Wege.} (24... c6
$14) 25. Bd2 $6 (25. Qxc7 $1 {Dieser natürliche Zug sieht gut aus. Warum hat
Weiß ihn nicht gespielt?} b6 $16 (25... Nd5 26. Qxd8 Rfxd8 (26... Rbxd8 27. Bd2
b6 28. Rc6 $18) 27. Ba7 Ra8 28. b6 $18) (25... Nf5 26. Ba7 Rc8 27. Qxc8 Qxc8
28. Rxc8 Rxc8 29. Bxb7 Rc7 30. Be4 Nxg3 31. b6 Rc1+ 32. Kg2 Nxe4 33. b7 Rb1 34.
b8=Q+ Rxb8 35. Bxb8 $18) (25... Rc8 26. Qxb7 $18)) 25... c6 26. bxc6 Nxc6 27.
Bxc6 bxc6 (27... Rc8 $2 28. Bxa5 $18) 28. Bxa5 (28. Qxc6 Qe7 {[%cal Re7e2,
Re7a3]} 29. Bf4 Rb2 30. e4 Rd8 $132) 28... Qe8 29. e3 {Weiß hat P+P+B für den
R. Seine Bauernmasse ist stark, aber sie läßt sich nicht so leicht
mobilisieren.} Rb5 30. Qc3 Qd7 {[%cal Gb5h5,Gd7h3]} 31. Bb4 Rc8 32. Bc5 (32. d4
$14) 32... Rcb8 33. d4 (33. Bb4 Rc8) 33... Rb1 34. Bb4 (34. Rxb1 $2 Rxb1+ 35.
Kg2 Qd5+ 36. f3 (36. Kh3 Rg1 $19) 36... Qa2+ 37. Kh3 Rh1 $19) 34... Rxc1+ 35.
Qxc1 Qd5 $11 {[%csl Gd5] Die schwarze Dame steht ausgezeichnet. Die weißen
Felder in der weißen Stellung wirken nun schwach.} 36. Qf1 (36. Qd1 Qe4) 36...
Qf3 {Wegen der aktiven schwarzen Dame hat Weiß keine Hoffnung, seinen
theoretischen Vorteil realisieren zu können.} 37. h3 h6 38. Qg2 Qd1+ (38...
Qxg2+ 39. Kxg2 $14) 39. Qf1 (39. Kh2 Qe2 40. e4 (40. Kg1 $11) 40... Qd3 $132)
39... Qf3 40. Qg2 Qd1+ 41. Qf1 1/2-1/2

[Event "Sarajevo Bosnia 28th"]
[Site "Sarajevo"]
[Date "1998.06.01"]
[Round "4"]
[White "Georgiev, Kiril"]
[Black "Kortschnoj, Viktor Lvovich"]
[Result "1-0"]
[WhiteElo "2675"]
[BlackElo "2625"]
[Annotator "Ribli,Z"]
[PlyCount "107"]
[EventDate "1998.05.29"]
[EventType "tourn"]
[EventRounds "9"]
[EventCountry "BIH"]
[EventCategory "15"]
[SourceTitle "CBM 066"]
[Source "ChessBase"]
[SourceDate "1998.09.30"]
[SourceVersion "1"]
[SourceVersionDate "1998.09.30"]
[SourceQuality "1"]

1. c4 {Kostakiev,D Hecht} Nf6 2. Nc3 e5 3. Nf3 Nc6 4. g3 {Dieser Zug scheint
mir am besten zu sein. Seine Alternativen 4.d4 und 4.e3 werden selten gespielt.
Ribli.} d5 5. cxd5 Nxd5 6. Bg2 Nb6 {Wir haben eigentlich die Drachenvariante,
aber mit vertauschten Farben. Weiß sucht normalerweise seine Chancen am
Damenflügel, während Schwarz starkes Übergewicht im Zentrum hat.} 7. O-O Be7 8.
a3 f5 (8... Be6 9. b4 (9. d3 $5) 9... a5 10. b5 Nd4 11. Rb1 (11. Nxd4 exd4 12.
Na4 Bd5 13. Nxb6 cxb6 14. Bb2 O-O 15. Qa4 Bxg2 16. Kxg2 Qd5+ 17. Kg1 Bc5 18. e3
Rad8 {0-1 Penzold,A-Hector,J/BL2-N9798 LAS-LSV 1998 (38)}) 11... a4 (11... f6
12. Nxd4 exd4 13. Na4 $1 Bd5 14. Nxb6 cxb6 15. e4 $1 dxe3 16. dxe3 Bxg2 17.
Kxg2 Qxd1 18. Rxd1 $14 {Petursson,M-Motwani,P/Hafnarfirdi 1992/1-0 (49)}) 12.
Nxe5 f6 13. Nd3 Ra7 14. Nf4 Bf7 15. e3 Nb3 16. d4 {1-0 Yakovich,Y-Hector,J/
Koge op 1997 (40)}) (8... a5 9. d3 Be6 10. Be3 Nd5 11. Nxd5 Bxd5 12. Qa4 O-O
13. Rac1 Re8 14. Rfd1 h6 15. Qb5 Nd4 16. Nxd4 Bxg2 17. Qxe5 Bf6 18. Qxc7 Bxd4
19. Qxd8 Raxd8 20. Kxg2 Bxe3 21. fxe3 Rxe3 22. Kf2 Re5 23. Rc7 $16 {Hjartarson,
J-Thorfinnsson,B/ISL-ch 1997/1/2-1/2 (60)}) 9. d3 Bf6 10. e4 $5 {Weiß
mobilisiert zunächst seine Reserven im Zentrum und spielt später Be3.} (10. Be3
) (10. Bd2 Be6 11. b4 g5 $6 {Dieser direkte Zug ist verfrüht.} 12. b5 Na5 13.
e4 $1) 10... O-O 11. b4 a6 $5 (11... Kh8 {Schwarz vermeidet Unannehmlichkeiten
in der Diagonalen a2-g8.} 12. Bb2 Be6 13. exf5 Bxf5 14. Ne4 Bxe4 15. dxe4 Qxd1
16. Raxd1 Nc4 17. Bc1 Rad8 18. Rfe1 a6 19. Bf1 Nd6 20. Kg2 h6 21. Bb2 g6 22.
Rc1 Ra8 23. a4 Rae8 24. b5 axb5 25. axb5 Ne7 26. Rxc7 Nxb5 27. Rc5 {1-0
Olafsson,F-Donner,J/Bled 1961 (29)}) (11... Be6 12. Be3 Kh8 13. Rc1 Rf7 14.
exf5 Bxf5 15. Ne4 $14 {Ditt,E-Ehrler/BL8182/1-0 (70)}) (11... Nd4 $5) 12. Be3 (
12. Bb2 Kh8 13. exf5 Bxf5 14. Ne4 $14 {[%csl Gb2,Rb6,Yd3,Ye5,Rf6,Gg2] Beide
Spieler haben Bauernschwächen (d3 und e5), aber dank seiner Läufer in den
langen Diagonalen ist das weiße Figurenspiel besser.}) 12... Nd4 {[%csl Gd4]}
13. Rc1 Kh8 (13... c6 $5 $13) 14. Ne2 $5 $14 {Naürlich muß Weiß den
gefährlichen schwarzen Springer bekämpfen.} fxe4 (14... Nxf3+ 15. Bxf3 c6 16.
Qc2 {[%csl Rf6]}) 15. dxe4 Bg4 $6 (15... Nxf3+ 16. Bxf3 Bd7 $5 (16... Bh3 $14)
17. Qc2 Rc8 18. Rfd1 Bg5 $5) 16. Bxd4 $1 {Dieser für Schwarz unerwartete
Tausch bringt den Weißen in Vorteil.} exd4 17. e5 $1 Bxf3 (17... Bg5 18. Nxg5
Qxg5 (18... d3 {[%cal Rd3e2,Re2d1,Re2f1]} 19. f3 Qxg5 (19... dxe2 20. Qxe2 Qxg5
21. fxg4 {[%csl Gg2][%cal Gg2a8]}) 20. Qxd3 $16) 19. f4 Qh5 20. Re1 $14 {
[%csl Gd4]}) (17... d3 $2 18. exf6 dxe2 19. fxg7+ Kxg7 20. Qxe2 Qf6 {[%csl Rf3]
[%cal Rf8f3,Rg4e2]} 21. Rxc7+ $18 {[%cal Rc7h7]}) 18. Bxf3 {[%csl Gf3][%cal
Gf3a8]} Bg5 (18... Bxe5 19. Bxb7 Ra7 20. Be4 $16 {[%csl Ge4] Weiß hat die viel
bessere Bauernstruktur und sein Läufer kontrolliert die wichtigsten weißen
Felder.}) 19. Bxb7 d3 (19... Rb8 20. Be4 $5 (20. f4 d3 21. Bxa6 dxe2 22. Qxe2
Bh6 $13 {Für die geopferte Figur hat Weiß drei Bauern und die Initiative, aber
vielleicht kann die feste schwarze Stellung dem trotzen.}) 20... Bxc1 21. Nxc1
$16 {Weiß hat nur einen Bauern für die Qualität, aber der Plan Nc1-d3 und
Qd1-h5 bietet mehr als ausreichende Kompensation.}) (19... Ra7 20. Be4 Bxc1 21.
Nxc1 $16) (19... Bxc1 20. Bxa8 Bxa3 21. Be4 Qe7 22. Bxh7 $1 Qxe5 (22... Kxh7
23. Qd3+ {[%cal Rd3h7,Rd3a3]}) 23. Bc2 Bxb4 24. Nf4 {[%csl Yg6][%cal Rf4g6,
Rg6e5,Rg6h8,Rg6f8]}) 20. Nf4 $1 Bxf4 21. gxf4 Rb8 22. Bxa6 $5 (22. Be4 Rxf4 23.
Qxd3 Qg5+ $132) 22... Rxf4 23. Qxd3 Qg5+ 24. Kh1 Qxe5 {Schwarz hat einen
Bauern weniger, aber die Aktivität seiner Figuren schafft der weißen
Königsstellung Probleme.} 25. Rc5 $1 $16 (25. Bb7 $5 {Wegen der Schwäche der
Grundreihe ist der Läufer tabu.} Rh4 26. Qg3 $16) 25... Qe7 26. Rh5 $5 {
[%csl Rh8][%cal Rd3h7,Rh5h7] Weiß provoziert die Schwächung der schwarzen
Königsstellung.} h6 27. Rf5 Rd8 $6 (27... Rxf5 28. Qxf5 Rf8 29. Qd3 $16) 28.
Qe3 $1 (28. Rxf4 $6 Rxd3 29. Bxd3 Qd6 {[%cal Rd6d3,Rd6f4]} 30. Rf3 Qc6 {
[%cal Gc6h1]}) 28... Re4 29. Qf3 Nc4 (29... Nd5 30. Bb7 $18 {[%cal Rb7e4]}) 30.
Rf7 Qe6 31. Rf8+ Rxf8 32. Qxf8+ Qg8 {Schwarz muß die Damen tauschen.} (32...
Kh7 $6 33. Bc8 Qe8 34. Bf5+ g6 35. Qxe8 Rxe8 36. Rc1 gxf5 37. Rxc4 $16) 33.
Qxg8+ Kxg8 34. Ra1 $1 {[%csl Ga1,Ga3][%cal Ra3a4,Ra4a5,Ra5a6,Ra6a7,Ra7a8]
Durch die Unterstützung der Turmes wird der entfernte weiße a-Freibauer sehr
gefährlich.} Kf8 35. Bb7 Rf4 36. a4 Nd6 (36... Rxf2 37. a5 Rb2 38. a6 Rxb4 39.
a7 Nb6 40. Ra6 $18 {[%cal Ra6b6] und der a-Bauer kann nicht aufgehalten werden.
}) 37. a5 $1 Rxb4 (37... Nxb7 38. a6 {[%csl Ga6,Rb7][%cal Ra6a7,Ra7a8,Ra6b7]}
Ke7 39. a7 $18 (39. axb7 $2 Rxb4 $11)) 38. a6 Rxb7 $8 (38... Nxb7 39. a7 $18 {
[%cal Ra7a8]}) 39. axb7 Nxb7 40. Ra7 Nc5 41. Rxc7 {Mit der Mehrqualität steht
Weiß praktisch auf Gewinn. Allenfalls das reduzierte Material bietet dem
Schwarzen kleine Rettungschancen, aber auf Großmeisterniveau sollte Weiß den
Vorteil leicht verwerten.} Ne6 42. Ra7 Nf4 {[%csl Gf4]} 43. Kg1 {Natürlich muß
der weiße König ins Geschehen eingreifen.} Kg8 44. Kf1 Kh7 45. Ke1 Kg6 46. Kd2
{Der schwarze Springer steht stark, kann aber nicht die Annäherung des weißen
Königs verhindern.} Nd5 47. Ke2 Nf6 48. Kf3 Nh5 49. Kg4 Nf6+ 50. Kf4 Nh5+ 51.
Ke5 {[%csl Ge5]} Nf6 52. Ra6 Kf7 {[#] Hecht: Die technischen Schwierigkeiten
beim Gewinn dieses Endspiels Turm vs Springer mögen erheblich sein. Sie sind
es nicht, wenn durch Hergabe der Qualität in ein Bauernendspiel abgewickelt
wird. Bei den Endspielen Turm gegen Leichtfigur sind diese Übergänge eine
wichtige Angriffswaffe für die materiell überlegene Partei!} (52... Kg5 53. f4+
Kg4 54. Ra7 Nh5 55. f5 $18 {und Weiß droht 56.Rxg7 nebst 57.f6 zu spielen.})
53. Rxf6+ $1 $18 {So gewinnt Weiß am einfachsten.} gxf6+ 54. Kf5 {Schwarz gab
auf, denn das Bauernendspiel ist klar verloren.} (54. Kf5 h5 (54... Kg7 55. Ke6
Kg6 56. f4 h5 (56... f5 {Hecht} 57. Ke5 Kg7 58. Kxf5 Kf7 59. h4 Kg7 60. Ke6 $18
) 57. h4 $18) 55. h4 Kg7 56. Ke6 Kg6 57. f4 Kg7 (57... f5 58. Ke5 $22 $18) 58.
f5 $22 $18) 1-0

[Event "Tilburg Fontys"]
[Site "Tilburg"]
[Date "1996.10.18"]
[Round "7"]
[White "Lautier, Joel"]
[Black "Piket, Jeroen"]
[Result "0-1"]
[WhiteElo "2620"]
[BlackElo "2580"]
[Annotator "Ribli,Z"]
[PlyCount "58"]
[EventDate "1996.10.11"]
[EventType "tourn"]
[EventRounds "11"]
[EventCountry "NED"]
[EventCategory "16"]
[SourceTitle "CBM 056"]
[Source "ChessBase"]
[SourceDate "1997.02.01"]
[SourceVersion "1"]
[SourceVersionDate "1997.02.01"]
[SourceQuality "1"]

1. c4 e5 2. Nc3 Nc6 3. Nf3 Nf6 4. g3 d5 5. cxd5 Nxd5 6. Bg2 Nb6 7. a3 {Das ist
eine interessante Idee. Weiß schiebt die Rochade auf, und benutzt das Tempo
für sein Spiel am Damenflügel.Ribli.} Be7 8. b4 Be6 9. Rb1 f6 10. d3 O-O 11.
Ne4 $13 (11. O-O Nd4 $5 12. Be3 c5 13. Ne4 Nxf3+ 14. Bxf3 cxb4 15. Nc5 Bd5 $1
16. Bxd5+ Qxd5 17. axb4 Rfc8 $10 {Lautier,J-Portisch,L/Biel SKA/1966/CBM55/})
11... Ba2 12. Rb2 Bd5 13. Nc5 $6 {Sehr riskant! Ribli.} a5 $5 14. e4 (14. Nxb7
Qd7 (14... Qc8 $5 15. Nxa5 Nxa5 16. bxa5 Rxa5 17. O-O Na4 18. Rd2 Nc3 19. Qc2
$6 (19. Qe1) 19... Rc5 20. Qb2 Qa8 $36) 15. Nxa5 (15. Nc5) 15... Nxa5 16. bxa5
Na4 17. Rd2) 14... Bf7 15. Qc2 axb4 16. axb4 {[#]} Nxb4 $5 17. Rxb4 Nd7 18. d4
$8 (18. Be3 $2 Nxc5 19. Bxc5 Ra1+ 20. Ke2 Ra2 21. Rb2 Rxb2 22. Qxb2 Bxc5 23.
Qxb7 Qd7 24. Rc1 Rd8 $15) 18... exd4 19. Rxd4 Bxc5 20. Rxd7 Bxf2+ 21. Qxf2 (21.
Kxf2 Qxd7 22. Rd1 Qa4 23. Qxa4 Rxa4 24. Bf4 c6 $15) 21... Qxd7 22. O-O Ra2 23.
Qc5 Re8 24. Nh4 $6 {Jetzt erhält Schwarz gefährlichen Angriff. Ribli.} (24. e5
$5 b6 25. Qc3 c5 26. Re1 Bd5 $36) 24... Qd3 25. Qxc7 $6 Bc4 26. Re1 $8 {
Sonst kommt 26...Rxg2 und 27...Qxf1.} Re2 27. Qa5 b6 28. Qb4 R8xe4 29. Nf3 (29.
Bxe4 Qd4+ 30. Kh1 (30. Kf1 Qf2#) 30... Qxe4+ 31. Kg1 Rxe1+ 32. Kf2 Qe2#) 29...
Bd5 {Weiss kann gegen die Drohungen auf den weißen Feldern nichts machen.
Ribli.} 0-1